Review of experimental results on intermittency

Bibliographic Details
Main Author: Wosiek, Barbara (Author)
Format: Article
Language:Slovak
PhysicalDescription:Obr.
ISSN:0323-0465
Subjects:

MARC

LEADER 00000nab a2200000 a 4500
001 vtls000664293
003 SK-MaSNL
005 20260304090526.0
008 250425c1996 xo 0 slo
015 |a SNBRB1998/07-18322 
035 |a CLN000016479 
035 |a urn:nbn:sk:snk-abi4b 
035 |a (urnnbn)urn:nbn:sk:snk:ar-a04bmi 
035 |a (uuid)97453d8c-c183-461e-b6c3-bab7cd0f4e51 
040 |a SNKBUCL  |b slo  |c SNKBUCL  |e AACR2 
041 0 |a slo 
044 |a xo  |c SK 
080 |a 539.12  |2 1997 
100 1 |a Wosiek, Barbara  |4 aut  |9 1381721 
245 1 0 |a Review of experimental results on intermittency  |c Barbara Wosiek 
300 |b Obr. 
504 |a Res. angl. Bibliogr. odkazy 
650 0 7 |a častice (fyzika)  |x kolízie vysokoenergetické  |x intermitencia  |2 snkbucl  |9 1381722 
655 7 |a články z novín a časopisov  |2 snkbucl  |9 267496 
773 0 |t Acta physica slovaca  |g Roč. 46, č. 4 (1996), s. 531-546  |x 0323-0465 
850 |a Slovenská národná knižnica 
852 |a Slovenská národná knižnica 
954 |a odborná, vedecká literatúra pôvodná (slovenská)  |2 lita 
958 |a article27 
958 |a OND 
958 |a EUIPO 
999 |c 2811721  |d 2813651